000 00572nam a2200193Ia 4500
005 20260120124507.0
008 008 260114s9999 xx 000 0 eng d
020 _a9781787561267
037 _aEBOOK
040 _aCRL
_beng
_cCRL
041 _aeng
_2eng
084 _qCRL
245 0 _aResearch in the History of Economic Thought and Methodology
260 _bEmerald Publishing
_c2018
700 _aLuca Fiorito
_9907087
856 _uhttps://www.emerald.com/insight/publication/doi/10.1108/S0743-4154201836A
942 _cEBOOK
999 _c1498775
_d1498775